000 00566nam a2200193Ia 4500
005 20250508163458.0
008 008 250505s9999 xx 000 0 eng d
037 _aDissertations
040 _aFEDL
_beng
_cFEDL
041 _aeng
_2eng
084 _a155.4, SAL/DI
_qFEDL
100 _aSalwan Bharti
_9775425
245 0 _aTo study the effect of goal setting on the performance of the child
260 _c1993
300 _a58p.
546 _aM. Ed. Dissertation (Delhi University)
942 _cDIS
_h155.4, SAL/DI
999 _c1383567
_d1383567